Univers Lego Ninjago: Pythor - Statistiques

Statistiques générales
  • Ce quiz a été pris 259 fois
  • Le résultat moyen est 4 sur 8
Statistiques - réponses
Questions Réponses % Correct
Couleur de la peau Blanc / Mauve / Noir
92%
Saison d'arrivée La menace des serpents
86%
Couleur des yeux Rouge
75%
Race Serpent
58%
Tribu Anacondras
51%
Lieu d'arrivée Tombeau des Anacondras
38%
Nom de famille Chumsworth
13%
Grade Roi des serpents
5%
Aucun quiz correspondant
Distribution des résultats
% des personnes avec chaque résultat
Percentile par nombre de réponses
Votre historique - résultats
Vous n’avez pas pris ce quiz